Формирование и транспортировка сильноточных импульсных плазменных и ионных пучков в поперечном магнитном поле и замагниченной плазме: автореферат диссертации на соискание ученой степени кандидата физико-математических наук; спец. 01.04.20

Dades bibliogràfiques
Autor principal: Андерсон М. Г. Майкл Гордон
Altres autors: Быстрицкий В. М. Виталий Михайлович (научный руководитель)
Sumari:Защита сост. 19.02.2007 г.
Idioma:rus
Publicat: Томск, [Б. и.], 2006
Matèries:
Format: Llibre
KOHA link:https://koha.lib.tpu.ru/cgi-bin/koha/opac-detail.pl?biblionumber=110390

MARC

LEADER 00000nam0a2200000 4500
001 110390
005 20231031120439.0
035 |a (RuTPU)RU\TPU\book\119220 
090 |a 110390 
100 |a 20070222d2006 k y0rusy50 ca 
101 0 |a rus 
102 |a RU 
105 |a a dm 001zy 
200 1 |a Формирование и транспортировка сильноточных импульсных плазменных и ионных пучков в поперечном магнитном поле и замагниченной плазме  |e автореферат диссертации на соискание ученой степени кандидата физико-математических наук  |e спец. 01.04.20  |f М. Г. Андерсон  |g науч. рук. В. М. Быстрицкий 
210 |a Томск  |c [Б. и.]  |d 2006 
215 |a 20 с.  |c ил. 
300 |a Защита сост. 19.02.2007 г. 
320 |a Библиогр.: с. 17-20 (19 назв.). 
452 1 |0 (RuTPU)RU\TPU\book\122329  |t Формирование и транспортировка сильноточных импульсных плазменных и ионных пучков в поперечном магнитном поле и замагниченной плазме  |o автореферат диссертации на соискание ученой степени кандидата физико-математических наук  |f М. Г. Андерсон  |g науч. рук. В. М. Быстрицкий  |c Томск  |n Б.и.  |d 2006  |a Андерсон, Майкл Гордон 
454 1 |0 (RuTPU)RU\TPU\book\119222  |t Formation and propagation of pulsed high current plasma and ion beams in transverse magnetic field and magnetized plasma  |o autoreferat submitted for the scientific degree of Candidate of Physics and Mathematical Sciences  |o спец. 01.04.20  |f M. G. Anderson  |g University of California; науч. рук. V. M. Bystritskii  |c Tomsk  |n Б.и.  |d 2006  |p 19 p.  |a Anderson, Michael Gordon 
610 1 |a сильноточные пучки 
610 1 |a плазменные пучки 
610 1 |a ионные пучки 
610 1 |a экспериментальные данные 
610 1 |a теоретические данные 
610 1 |a формирование 
610 1 |a транспортировка 
610 1 |a экспериментальные установки 
610 1 |a диагностика 
610 1 |a поперечное магнитное поле 
610 1 |a замагниченная плазма 
610 1 |a инжекция 
610 1 |a авторефераты диссертаций 
675 |a 539.124.18(04)  |v 3 
686 |a 01.04.20  |2 oksvnk 
700 1 |a Андерсон  |b М. Г.  |g Майкл Гордон 
702 1 |a Быстрицкий  |b В. М.  |g Виталий Михайлович  |4 727 
801 1 |a RU  |b 63413507  |c 20070222  |g PSBO 
801 2 |a RU  |b 63413507  |c 20070405  |g PSBO 
942 |c BK